| 000 | 01502nam a2200433 a 4500 | ||
|---|---|---|---|
| 001 | 81938 | ||
| 003 | BD-RjUL | ||
| 005 | 20230919103954.0 | ||
| 008 | 230918r20222002ii ||||| |||| 00| 0 eng d | ||
| 020 | _a013099572X | ||
| 020 | _a9789356066212 | ||
| 035 | _a(BD-RjUL)81938 | ||
| 040 |
_aUMI _beng _epn _cUMI _dOCLCQ _dBD-RjUL |
||
| 041 | _aeng | ||
| 082 | 0 | 4 |
_221 _a621.384 _bRAW 2022 |
| 100 | 1 |
_aRappaport, Theodore S., _d1960- _99043 |
|
| 245 | 1 | 0 |
_aWireless communications : _bprinciples and practice / _cTheodore S. Rappaport. |
| 250 | _a2nd ed.Updated | ||
| 260 |
_aUpper Saddle River, N.J. ; _aUttar Pradesh , India: _bPrentice Hall PTR, _c©2022, 2002 |
||
| 300 |
_axxv, 733 pages : _billustrations _c25 cm. |
||
| 336 |
_atext _btxt _2rdacontent |
||
| 337 |
_acomputer _bc _2rdamedia |
||
| 338 |
_aonline resource _bcr _2rdacarrier |
||
| 347 | _atext file | ||
| 504 | _aIncludes bibliographical references and index. | ||
| 542 |
_f© 2002, 1996 Prentice Hall PTR _g2002 |
||
| 588 | _aDescription based on print version record. | ||
| 650 | 0 |
_aWireless communication systems. _94147 |
|
| 650 | 0 |
_aMobile communication systems. _94233 |
|
| 650 | 0 |
_aTelecommunication systems. _94134 |
|
| 653 | _aFunktechnik ; SWD-ID: 40189089 | ||
| 653 | _aMobile communication systems | ||
| 653 | _aMobilfunk ; SWD-ID: 41702803 | ||
| 653 | _aTelecommunication systems | ||
| 653 | _aUSA ; SWD-ID: 40787047 | ||
| 653 | _aWireless communication systems | ||
| 942 |
_2ddc _cBK |
||
| 999 |
_c81938 _d81938 |
||